000 00662nam a22002057a 4500
005 20260128123328.0
010 _aENG-147708
020 _a9789358044270
_c110.00
035 _aEN-131240
037 _bDBAD
082 _21
_a320.1
100 _aPlato
_986951
245 _aSymposium/
_cPlato [and] Translated By Benjamin Jowett
250 _a1
260 _aEast Delhi
_bPharos Books
_c2025
270 _aPlot No. -63 Main Mother Dairy Road Pandav Nagar, East Delhi
_bEast Delhi
_e110092
_k011-403958555
_msales@pharosbooks.in
300 _a83p.
_c21cm(pb)
700 _aJowett, Benjamin
_eTranslator
_986950
942 _2ddc
_cEN
_mPLA
_h320.1
999 _c214569
_d214569